[Event "Tata Steel-C 74th"]
[Site "Wijk aan Zee"]
[Date "2012.01.25"]
[Round "10"]
[White "Hopman, Pieter"]
[Black "Tikkanen, Hans"]
[Result "1-0"]
[WhiteElo "2342"]
[BlackElo "2549"]
[Annotator "Let's Check"]
[PlyCount "81"]
[EventDate "2012.01.14"]
[EventType "tourn"]
[EventRounds "13"]
[EventCountry "NED"]
[EventCategory "9"]
[SourceTitle "CBM 147"]
[Source "ChessBase"]
[SourceDate "2012.03.16"]
[SourceVersion "1"]
[SourceVersionDate "2012.03.16"]
[SourceQuality "1"]

1. d4 Nf6 2. Nf3 d5 3. c4 c6 4. e3 Bg4 5. Qb3 Qb6 6. Nc3 e6 7. Nh4 Bh5 8. h3 g5
9. Nf3 h6 10. g4 Bg6 11. h4 Rg8 12. hxg5 hxg5 13. c5 Qc7 14. Ne5 Bh7 15. Bd2
Nbd7 16. Be2 Rg7 17. Nxd7 Nxd7 18. Qa4 e5 19. b4 f6 20. O-O-O b6 21. Kb2 bxc5
22. bxc5 a5 23. Ka1 Rb8 24. Qa3 Bc2 25. Rc1 Rh7 26. Rhf1 Bg6 27. Na4 Rh4 28.
Bd3 Bxd3 29. Qxd3 e4 30. Qe2 Bg7 31. Rb1 Kf7 32. Rxb8 Qxb8 $6 (32... Nxb8 33.
Rb1 Bf8 $14) 33. Rb1 Qc7 $2 (33... Qa7 34. f3 f5 $16) 34. Qa6 $18 Kg6 35. Bxa5
Qh2 36. Qxc6 Nf8 37. Qxd5 Rxg4 38. c6 Rg1 39. Nc3 Rxb1+ 40. Nxb1 Qxf2 41. c7
1-0

[Event "EU-ch 13th"]
[Site "Plovdiv"]
[Date "2012.03.25"]
[Round "6"]
[White "Neverov, Valeriy"]
[Black "Khenkin, Igor"]
[Result "0-1"]
[WhiteElo "2544"]
[BlackElo "2632"]
[Annotator "Let's Check Training"]
[PlyCount "82"]
[EventDate "2012.03.20"]
[EventType "swiss"]
[EventRounds "11"]
[EventCountry "BUL"]
[SourceTitle "CBM 148"]
[Source "ChessBase"]
[SourceDate "2012.05.16"]
[SourceVersion "1"]
[SourceVersionDate "2012.05.16"]
[SourceQuality "1"]

1. d4 d5 2. c4 dxc4 3. Nf3 c6 4. e3 b5 5. a4 e6 6. b3 Bb4+ 7. Bd2 Bxd2+ 8.
Nfxd2 cxb3 9. axb5 b2 10. Ra2 Ne7 11. Rxb2 O-O 12. Nc3 Bb7 13. Nde4 Nd7 14. Bd3
cxb5 15. Rxb5 Bc6 16. Rb3 Nd5 17. O-O a5 18. Nxd5 Bxd5 19. Ra3 Qh4 20. f3 Bxe4
21. Bxe4 Ra7 22. Bc6 Nb6 23. Qb3 Rb8 24. Rb1 Rc7 25. Be4 Rbc8 26. g3 Qh3 27.
Raa1 Nc4 28. Rc1 g6 29. Rd1 Nd6 30. Bd3 Nf5 31. Bxf5 gxf5 32. Qd3 Rc3 33. Qe2
a4 34. Ra2 a3 35. Re1 Rb8 36. d5 exd5 37. Qd2 Rcb3 38. Qxd5 Rxe3 39. Rf1 h6 40.
Qd6 Reb3 41. Rc2 $2 (41. Rc1 f4 42. Rg2 $19) {[%tqu "En","","","","a3a2","",10]
} 41... a2 $1 $19 0-1

[Event "EU-ch 13th"]
[Site "Plovdiv"]
[Date "2012.03.28"]
[Round "8"]
[White "Jianu, Vlad Cristian"]
[Black "Laurusas, Tomas"]
[Result "1-0"]
[WhiteElo "2497"]
[BlackElo "2360"]
[Annotator "Let's Check Training"]
[PlyCount "111"]
[EventDate "2012.03.20"]
[EventType "swiss"]
[EventRounds "11"]
[EventCountry "BUL"]
[SourceTitle "CBM 148"]
[Source "ChessBase"]
[SourceDate "2012.05.16"]
[SourceVersion "1"]
[SourceVersionDate "2012.05.16"]
[SourceQuality "1"]

1. Nf3 Nf6 2. c4 c6 3. d4 d5 4. e3 Bg4 5. h3 Bxf3 6. Qxf3 e6 7. Bd3 Nbd7 8. O-O
Bd6 9. Nc3 O-O 10. Bd2 Qe7 11. Rae1 dxc4 12. Bxc4 e5 13. g4 e4 14. Qg2 b5 15.
Bb3 b4 16. Ne2 Rae8 17. Ng3 Bxg3 18. Qxg3 Rc8 19. Rc1 $6 (19. g5 Nd5 20. f3 $18
) 19... h6 20. Rc2 a5 21. Rfc1 c5 22. Qf4 Rcd8 23. Rxc5 Nxc5 24. Rxc5 Nh7 25.
Re5 Qh4 26. Rh5 Qe7 27. Re5 Qh4 28. Qxe4 Ng5 29. Qg2 Rfe8 30. Rxa5 Nxh3+ 31.
Kf1 Ng5 32. Bxb4 Rc8 33. Bc3 Ne4 34. Ra7 Re7 {[%tqu "En","","","","b3f7","",10]
} 35. Bxf7+ $1 Kh8 36. Rxe7 Qxe7 37. Bg6 Nxc3 38. bxc3 Qe6 39. Bf5 Qa6+ 40. Kg1
Rxc3 41. Qd5 Qc4 42. Qa8+ Qg8 43. Qa6 Rc1+ 44. Kg2 Ra1 45. a4 Qe8 46. a5 Ra2
47. Kg3 Qb8+ 48. Kf3 Qe8 49. e4 h5 50. g5 h4 51. g6 h3 $6 (51... Qd8 52. Qb6
Qxb6 $18) 52. Qd6 Rxa5 53. Kg3 Rb5 54. Kxh3 Rb3+ 55. Kg2 Qb8 56. Qe7 1-0

[Event "Gibraltar Masters 10th"]
[Site "Caleta"]
[Date "2012.01.28"]
[Round "5"]
[White "Dzagnidze, Nana"]
[Black "Movsesian, Sergei"]
[Result "1-0"]
[WhiteElo "2535"]
[BlackElo "2700"]
[Annotator "Likavsky,T"]
[PlyCount "91"]
[EventDate "2012.01.24"]
[EventType "swiss"]
[EventRounds "10"]
[EventCountry "GGB"]
[SourceTitle "CBM 147"]
[Source "ChessBase"]
[SourceDate "2012.03.16"]
[SourceVersion "1"]
[SourceVersionDate "2012.03.16"]
[SourceQuality "1"]

1. d4 d5 2. c4 c6 3. Nf3 Nf6 4. e3 a6 {In lines like 4...Bf5 and 4...Bg4 White
obtains the pair of bishops usually, therefore the game move is sensible.} 5.
Bd2 {Stopping Black from playing b7-b5 just now.} ({The main line is} 5. Nc3 b5
{which forces White to show his plans in the centre.}) 5... e6 (5... b5 6. cxd5
cxd5 7. a4 $1 {[%csl Ra6,Rb5][%cal Rb5b4,Gd2b4]}) 6. a4 $6 {Black can play
c6-c5 after the much more useful move 6.Nc3...} c5 $1 7. cxd5 exd5 {In an
isolani setup a move like a6 is expedient. Moves like a4 and Bd2 are not!} 8.
Bc3 {The only way to justify the move Bd2 now.} Nc6 9. Be2 Be6 (9... Ne4 $5)
10. a5 $6 {[%csl Ra5] Weakening his aP and neglecting development.} Ne4 $1 $15
11. O-O Be7 12. dxc5 O-O 13. Bd4 Nxc5 14. Nc3 Rc8 15. Nd2 $6 {Another strange
move...} Bd6 16. Qb1 Re8 17. Rd1 Nxd4 18. exd4 Ne4 19. Ndxe4 dxe4 20. d5 Bf5
21. Ra4 $2 {[%cal Gc3e4,Ga4e4,Gb1e4] Suddenly a few white pieces are attacking
e4, but if Black keeps cool...} Qg5 $2 {A fatal mistake in a winning position.}
(21... Qd7 $1 $19 {[%csl Ra4,Rb1,Rg1,Rh2][%cal Gd7f5,Ge4e3,Yc8c3,Yd7a4,Yf5b1]
^^}) 22. Nxe4 Bxh2+ 23. Kxh2 Qh4+ 24. Kg1 Bxe4 $6 (24... Rxe4 $1 $11) 25. Bf3
f5 (25... Bxb1 26. Rxh4 Bc2 27. Rc1 Bf5 $16 {[%csl Yd5,Yf3][%cal Yf3b7,Yd5d6]})
26. d6 $1 $16 Rcd8 27. Qa2+ {After an "uncommon" opening White took his chance
and played like a machine...} Kh8 28. d7 Re7 29. Rad4 Qf6 $6 (29... Qg5 30. Qb3
h6 31. Bxe4 fxe4 32. Qxb7 $6 e3 $1 33. fxe3 Qxe3+ $132) 30. Qb3 $18 {[%csl Rb7,
Yd7]} h6 31. Bxe4 fxe4 32. Qxb7 e3 33. fxe3 Rxe3 34. Qb6 $1 Qe7 35. Qxa6 Re2
36. Qd3 Rxb2 37. Re4 Qc5+ 38. Qe3 Qxe3+ 39. Rxe3 Rbb8 40. a6 Kh7 41. Rc3 Ra8
42. Rc7 Kg6 43. a7 Kf6 44. Re1 Kf7 45. Rb7 h5 46. Re8 1-0

[Event "Malakoff op 09th"]
[Site "Malakoff"]
[Date "2009.04.14"]
[Round "6"]
[White "Franco Alonso, Alejandro"]
[Black "Van Dongen, Patrick"]
[Result "1/2-1/2"]
[WhiteElo "2479"]
[BlackElo "2329"]
[Annotator "Malakoff/Primel,D"]
[PlyCount "75"]
[EventDate "2009.04.11"]
[EventType "swiss"]
[EventRounds "9"]
[EventCountry "FRA"]
[SourceTitle "EXT 2010"]
[Source "ChessBase"]
[SourceDate "2010.11.25"]
[SourceVersion "1"]
[SourceVersionDate "2010.11.25"]
[SourceQuality "1"]

1. d4 d5 2. c4 c6 3. Nf3 Nf6 4. e3 Bg4 (4... e6) (4... Bf5) 5. Qb3 {1h30} (5.
h3) (5. Nc3) 5... Qb6 {1h31} (5... Qc7 $5 {Peut-être meilleur car après avoir
joué e3, les blancs n'ont plus le thème tactique Bf4 pour répondre а Qc7} 6.
Ne5 $14 {[%cal Ge5g4]}) (5... Bxf3 6. gxf3) 6. Nc3 $5 (6. Ne5 {Plus courant
mais les noirs ont des bons résultats après Bf5} Bf5 $11 {Milov,V (2676)
-Predojevic,B (2609) World op 35th 2007 (9) 1/2}) 6... e6 (6... Bxf3 7. gxf3 {
[%cal Gh1g1]} e6 8. e4 $1 Nbd7 {Bu Xiangzhi (2714)-Sebag,M (2533) Cap d'Agde
CCAS Gp-A rapid 2008 (7) 1-0} (8... Qxb3 $5)) 7. Nh4 $1 {[%cal Gh2h3] La
dernière mode qui a notamment été popularisé par le chinois WANG YUE et cette
idée de TOPALOV qui date seulement de septembre 2008 a connu un succès
foudroyant chez les GMI, CARLSEN étant le dernier a avoir adopté cette ligne} (
7. c5 $143 Qc7 $11) 7... Be7 {1h28 Les noirs sont bien préparés et ils jouent
rapidement le début.} (7... Bh5 8. h3 Be7 (8... Nbd7 9. g4 Bg6 10. g5 $5 Ng8
11. Nxg6 hxg6 12. Qc2 (12. Bg2) 12... Ne7 13. Bd2 $146 (13. c5) 13... Nf5 14.
cxd5 $1 cxd5 (14... exd5) 15. Nb5 $36 {[%csl Gc7] c'est l'intérêt d'avoir
retardé Bg2, car le Bf1 protège le Nb5} Bd6 {[%csl Gc7]} 16. Qa4 $14 {[%cal
Ga4a7,Gb5a7,Ga4e8];Carlsen,M (2776)-Movsesian,S (2751) Corus Wijk aan Zee 2009
(3) 1/2} (16. Nxd6+ $143 Nxd6 {[%cal Gd6c4,Gd6e4]})) 9. g4 Bg6 10. Nxg6 hxg6
11. Bg2 $14 {[%csl Gc1,Gg2][%cal Ge3e4];Wang Yue (2739)-Aronian,L (2750)
Linares 26th 2009 (5) 1/2}) 8. h3 Bh5 9. g4 $1 {Le thème de la variante pour
gagner la paire de B} Bg6 10. Nxg6 hxg6 {1h28} 11. Bg2 $14 {[%csl Gc1,Gg2]} (
11. Rg1 $5 $146 Qxb3 12. axb3 Bb4 13. Bd2 Nbd7 14. Ke2 dxc4 15. bxc4 e5 16. Bg2
exd4 17. exd4 O-O 18. Rgd1 Rfe8+ 19. Kf1 Nb6 20. b3 a5 21. g5 Nh5 22. c5 Nd7
23. Ne4 Bxd2 24. Rxd2 Nf4 25. Nd6 Reb8 {Topalov,V (2796)-Kramnik,V (2759)/Nice
2009/Mega2009 Update 12/1/2-1/2 (45)}) 11... Na6 $5 $146 {[%csl Gb4][%cal
Ga6b4,Ga6c7] Une nouveauté intéressante car la partie CARLSEN-MOVSESSIAN jouée
en janvier 2009 avait montré que la case c7 pouvait devenir faible pour les
noirs après cd5 et Nb5.  1h19 La nouveauté a peut-être été trouvée sur
l'échiquier ou les noirs voulaient vérifier les analyses en "situation réelle"
car ils ont dépensé 10 mns sur ce coup.} ({RR} 11... g5 {[%csl Gh4]} 12. c5 ({
RR} 12. Bd2 Nbd7 13. O-O-O a5 14. Qxb6 Nxb6 15. c5 Nc8 16. e4 Nxe4 17. Bxe4
dxe4 18. Nxe4 f6 19. f4 gxf4 20. Bxf4 b6 21. Rd3 Kf7 22. Rf1 bxc5 23. dxc5 Rd8
24. Bd6 Ke8 25. Rfd1 f5 26. gxf5 exf5 {Tomashevsky,E (2664)-Zhou Jianchao 
(2612)/Moscow 2009/CBM 129/1/2-1/2 (32)}) 12... Qxb3 13. axb3 Na6 14. Bd2 Nc7
15. f4 gxf4 16. exf4 g6 17. Be3 a6 18. Ke2 Rh7 19. Bf2 O-O-O 20. Raf1 Rdh8 21.
Kd3 Bd8 22. Be1 Kd7 23. b4 Kc8 24. Bd2 Kd7 25. Be1 Kc8 26. Bd2 {Wang Yue (2739)
-Aronian,L (2750)/Linares 2009/CBM 129/1/2-1/2}) ({RR} 11... Nbd7 12. Bd2 O-O-O
13. O-O-O Kb8 14. Kb1 Ka8 15. Rc1 Rc8 16. Rhd1 Rhd8 17. Qa4 Qb4 18. Qxb4 Bxb4
19. a3 Bd6 20. Ne2 e5 21. cxd5 cxd5 22. Ba5 b6 23. dxe5 Nxe5 24. Bc3 Bc7 25.
Nf4 Kb8 26. Bxd5 {Zhao Xue (2518)-Dolzhikova,K (2351)/Beijing 2008/CBM 126
Extra/1-0 (38)}) (11... Nbd7 12. Bd2 (12. g5 Ng8 13. e4 $14)) 12. Bd2 {Un coup
modeste mais thématique dans ce genre de position et les blancs gardent
l'option du ooo} Nb4 $6 {45 mns joué après une longue réflexion mais mais le N
n'est pas forcément bien placé} (12... dxc4 $142 $5 {[%csl Rb2]} 13. Qxc4 O-O-O
14. O-O g5 $1 $132 {[%csl Gf4,Gh4]}) (12... g5 $5 {[%csl Gf4,Gh4]} 13. O-O dxc4
$1 (13... Qxb3 $143 14. axb3 Nb4 {[%csl Gb4]} 15. Ra4 a6 16. e4 $1 {[%cal
Gd2g5]}) 14. Qxc4 Nc7 (14... O-O-O 15. Rfc1 Nc7 {[%cal Gc7d5]} 16. Na4 Qa6 17.
Qc2 Ncd5) (14... Nd5 15. Rfc1 Nac7 (15... Qxb2 $5 16. Ne4 Nb6 (16... f5 $2 17.
gxf5 exf5 18. Rab1)) (15... Nxc3 $6 16. bxc3 $14 {[%cal Ga1b1]}) 16. Na4 Qb5)
15. Na4 Qb5 (15... Qa6) 16. Qxb5 Nxb5 17. Rfc1 O-O-O 18. Nc5 Nd5 {[%csl Gd5]})
13. O-O (13. a3 $4 Nd3+) 13... Na6 {40mns Le signe que les noirs n'étaient pas
satisfaits par le coup précédent.} (13... dxc4 14. Qxc4 O-O-O 15. Rfc1 Nbd5 16.
Rab1 g5 17. b4 $40 {[%csl Rc6][%cal Gb4b5,Gc4c8]}) 14. Rfc1 {[%cal Gb3d1]
Logique mais les blancs vont ensuite changer de plan et la Rfc1 ne sera pas
forcément trés bien placée.} (14. g5 $5 Nd7 15. c5 (15. cxd5 exd5 16. e4 $1
Qxb3 17. axb3 dxe4 18. Rfe1 Nb4 {[%cal Gb4c2,Gc2a1,Gc2e1]} 19. Bxe4 $13) (15.
Qxb6 Nxb6 16. cxd5 exd5 17. e4 $1 {[%csl Gd2,Gg2]} dxe4 18. Rfe1 O-O-O 19. Rxe4
Bd6 20. Rae1 $14)) 14... O-O (14... g5 $142) 15. Qd1 {40mns} Qd8 $6 {22mns Le
retard des noirs devenait préoccupant} 16. Qe2 (16. cxd5) (16. g5 Nd7 17. f4
Nb6) (16. a3 {[%cal Gb2b4]} Nc7 17. c5 (17. b4) 17... e5 $1 18. b4 exd4 (18...
a5) 19. exd4 Re8 20. Be3) 16... Nc7 17. Rd1 Qd7 18. g5 Nh7 $6 {20mns} (18...
Nh5) 19. f4 f5 20. h4 $16 Kf7 21. h5 $36 Rh8 22. hxg6+ Kxg6 23. Kf2 {[%cal
Gd1h1]} Kf7 24. Rh1 Rag8 25. Rh3 g6 $2 {[%csl Rf6,Rh7,Rh8]} 26. Rah1 $40 Kg7
27. c5 (27. Rh6) 27... Nf8 28. Qf3 Qe8 29. Rh6 Rxh6 30. Rxh6 Rh8 {8} 31. Qh3
Rxh6 32. Qxh6+ Kg8 33. Ne2 b6 34. b4 b5 35. Nc1 Qf7 36. Nb3 {[%csl Rc6][%cal
Gb3a5]} Nd7 37. Na5 $36 Nb8 38. Kg3 1/2-1/2

[Event "EU-ch 12th"]
[Site "Aix les Bains"]
[Date "2011.03.31"]
[Round "9"]
[White "Philippe, Christophe"]
[Black "Swiercz, Dariusz"]
[Result "0-1"]
[WhiteElo "2409"]
[BlackElo "2557"]
[Annotator "Marchand,A/Primel,D"]
[PlyCount "118"]
[EventDate "2011.03.22"]
[EventType "swiss"]
[EventRounds "11"]
[EventCountry "FRA"]
[SourceTitle "CBM 142 Extra"]
[Source "ChessBase"]
[SourceDate "2011.06.27"]
[SourceVersion "1"]
[SourceVersionDate "2011.06.27"]
[SourceQuality "1"]
[TimeControl "40/5400+30:1800+30"]

1. d4 Nf6 2. Nf3 d5 3. e3 c6 4. c4 a6 5. Bd3 (5. Qc2 e6 6. Nc3 c5 $5 7. cxd5
exd5 8. Be2 Nc6 (8... cxd4 9. exd4 (9. Nxd4 Bd6 10. Nf5 O-O 11. Nxd6 Qxd6 12.
O-O Bg4 {Gustafsson,J (2646)-Handke,F (2494) Bundesliga 1011 2010 (3.6) 1/2} (
12... Nc6 $1 $132 {[%cal Gf8e8,Gd5d4,Gc8e6]})) 9... Nc6 10. O-O Bd6 11. Bg5 Be6
12. Qd2 h6 {Koneru,H (2593)-Stefanova,A (2551) EU-Cup (Women) 15th 2010 (7.1)
1/2})) 5... Bg4 6. Nbd2 Nbd7 7. Qc2 e6 8. b3 Bd6 9. Bb2 Qb8 10. O-O (10. h3 Bh5
11. O-O (11. g4)) 10... O-O {86} 11. h3 Bh5 12. Ng5 Bg6 13. Bxg6 hxg6 {87} 14.
f4 (14. e4 $5 {Semble plus logique pour profiter de la position du Ng5}) (14.
Rad1) 14... c5 $1 {70 Fin de la préparation des Noirs} 15. Ndf3 cxd4 16. Bxd4
Qc7 $146 {66} ({RR} 16... Rc8 17. Nxf7 Kxf7 18. Ng5+ Kg8 19. Qxg6 Re8 20. Nh7
Be7 21. cxd5 exd5 22. g4 Nf8 23. Nxf8 Rxf8 24. g5 Qe8 25. Qf5 Qd7 26. Qg6 Ne8
27. Rad1 Qf5 28. Qb6 Nd6 29. Be5 Rad8 30. Rxd5 Nf7 31. Qxb7 {Gemy Vargas,J 
(2301)-Candela Perez,J (2399)/Madrid 2011/0-1 (34)}) 17. Qf2 (17. Rac1 Ba3)
17... dxc4 {33} 18. Qh4 $6 {Prématuré} (18. Rac1 {[%cal Gc1c7]}) 18... Bc5 $1 {
[%csl Re3]} 19. Rac1 Bxd4 $1 20. exd4 b5 (20... c3 $36 {[%csl Gc3]}) 21. bxc4
bxc4 22. Ne5 c3 23. Kh2 Nb6 24. Ng4 Nbd5 25. Nxf6+ Nxf6 26. Rf3 c2 {[%csl Gc2]
Le coup douteux 18. Qh4 a laisse du temps aux Noirs pour prendre l'initiative
а l'aile-roi et même si le P"c2" risque de tomber rapidement, il sert de
diversion et les Noirs vont pouvoir terminer le développement.} 27. Rf2 Rac8
$17 28. Qg3 Qd6 29. Rfxc2 Rxc2 30. Rxc2 Qxd4 31. Qf2 Qa4 32. Rc7 Ne4 33. Qc2
Qxc2 34. Rxc2 Nxg5 35. fxg5 {[%csl Ge6]} Rd8 36. Rc6 Rd5 $1 37. Rxa6 (37. h4
Ra5) 37... Rxg5 $15 {[%csl Ra6] La finale est un peu meilleure pour les Noirs
car la R Blanche est mal placée devant le P} 38. Ra8+ Kh7 39. a4 Rd5 40. h4 $2
g5 $1 $17 {[%cal Gh7g6] Les Noirs se débarassent d'une faiblesse tout en
donnant l'accès а la case "g6" pour le K} 41. hxg5 Rxg5 42. a5 Kg6 43. a6 Ra5
$1 {[%csl Ra8][%cal Gg6f6,Ge6e5]} 44. a7 Ra3 {[%csl Rh2]} 45. Kg1 Kf6 $19 {
La position est techniquement gagnée pour les Noirs} 46. Kf2 g6 47. Ke2 Kf5 48.
Kd2 Kf4 $1 49. Kc2 e5 50. Kb2 Ra6 51. Kb3 e4 52. Kb4 e3 53. Kb5 Ra1 54. Kb6 Kg3
55. Re8 Kf2 56. Re4 e2 57. Rf4+ Kxg2 58. Re4 Kf2 59. Rf4+ Ke3 0-1

[Event "EU-ch 12th"]
[Site "Aix les Bains"]
[Date "2011.03.26"]
[Round "5"]
[White "Bartel, Mateusz"]
[Black "Rogozenco, Dorian"]
[Result "1/2-1/2"]
[WhiteElo "2638"]
[BlackElo "2553"]
[Annotator "Marchand,A/Primel,D"]
[PlyCount "201"]
[EventDate "2011.03.22"]
[EventType "swiss"]
[EventRounds "11"]
[EventCountry "FRA"]
[SourceTitle "CBM 142 Extra"]
[Source "ChessBase"]
[SourceDate "2011.06.27"]
[SourceVersion "1"]
[SourceVersionDate "2011.06.27"]
[SourceQuality "1"]
[TimeControl "40/5400+30:1800+30"]

1. d4 d5 2. c4 c6 3. Nf3 Nf6 4. Nbd2 {Une suite solide mais pas trés ambitieuse
} Bf5 5. Nh4 Bg6 6. Qb3 $1 Qc7 (6... Qb6 $2 {Le piège de la variante} 7. Qh3 $1
{[%cal Gh3c8,Gh3h8]} Nbd7 8. Nxg6 $16) 7. Nxg6 (7. Qh3 {[%cal Gh4g6,Gh3h8]} Bh5
$5) 7... hxg6 8. g3 e6 9. Bg2 $14 {[%csl Gc1,Gg2] Avec la paire de B et le
centre, les Blancs gardent un léger avantage d'ouverture} Be7 ({RR} 9... Nbd7
10. O-O Rd8 11. e4 dxe4 12. Nxe4 Nxe4 13. Bxe4 Nf6 14. Bg2 Rxd4 15. Be3 Bc5 16.
Bxd4 Bxd4 17. Rad1 Bc5 18. Qa4 a5 19. a3 O-O 20. b4 axb4 21. axb4 Be7 22. Rb1
Nd7 23. b5 Nb6 24. Qc2 {Stella,A (2346)-D'Amore,C (2489)/Sarre 2009/CBM 133
Extra/1/2-1/2 (49)}) 10. O-O O-O (10... Nbd7 {Cua,S (2143)-Johansson,V (2179)
WMSG Rapid Team 1st (Women) 2008 (7) 1-0}) 11. Qc2 (11. e4 $5 $14) 11... Rd8
12. cxd5 $1 exd5 13. Nb3 (13. e4 $5 {Tentant pour essayer de profiter de
l'avance de développement.} dxe4 14. Nxe4 Rxd4 15. Bf4 Qa5 16. Rad1 Rxd1 17.
Nxf6+ Bxf6 18. Rxd1 $32 {[%csl Rd8,Rg8]} Qxa2 19. Bd5 $1 {[%cal Gd5a2,Gc2g6]
Spectaculaire mais les Blancs n'ont probablement pas plus que la nulle} cxd5 (
19... Qa5 20. Bxf7+ $1 Kxf7 21. Qb3+) 20. Qc8+ Kh7 21. Qxb7 (21. Qh3+ Kg8 22.
Qc8+) 21... Nc6 22. Qxa8 Qb3 23. Re1 Nd4 24. Re8 Qd1+ 25. Kg2 Qf3+) 13... Nbd7
14. f3 Nf8 15. Be3 (15. e4 $6 dxe4 16. fxe4 Ne6 17. Qf2 Nxd4 18. Nxd4 Bc5)
15... Re8 16. Kh1 Bd6 17. Bf2 Qe7 $36 {[%csl Re2]} 18. Rae1 Bb4 19. Nd2 Rad8
20. a3 Ba5 21. b4 Bb6 22. Nb3 Ne6 23. Qc3 Bc7 24. e4 dxe4 25. fxe4 Ng5 26. Nd2
Bb6 27. e5 Nd5 28. Qb2 Qd7 29. Nc4 Bc7 30. Bg1 a6 31. a4 Ne6 32. Rd1 Re7 33.
Qb3 Qe8 34. Na3 Red7 35. b5 axb5 36. axb5 Ne7 37. b6 Bb8 38. Nc4 Nf5 39. d5
cxd5 40. Na5 Ne7 41. Rfe1 Nc6 42. Nxc6 bxc6 43. Rc1 Rb7 44. Qa4 Rc8 45. Rc2 Qd7
46. Rd1 Bxe5 47. Bxd5 Nd8 48. Bf3 Qe7 49. Qa6 Rcb8 50. Kg2 Kh7 51. Re2 f6 52.
Rd4 Qf7 53. Rh4+ Kg8 54. Qd3 Ne6 55. Qa6 c5 56. Bxb7 Qxb7+ 57. Qxb7 Rxb7 58.
Rc4 Rxb6 59. Bxc5 Rc6 60. Rec2 Rxc5 61. Rxc5 Nxc5 62. Rxc5 Kh7 63. Kf3 Bb2 64.
Rb5 Bc3 65. Ke4 Ba1 66. g4 Bc3 67. Kd5 Ba1 68. Ke6 Bc3 69. Kf7 Kh6 70. g5+ fxg5
71. Rb3 Be1 72. Rb6 Bc3 73. Rxg6+ Kh5 74. Rc6 Be5 75. Rc2 Kg4 76. Rg2+ Kh3 77.
Rxg5 {La saisie de la FFE s'arrête içi mais en fait, la partie a continué
jusqu'au 101ème coup} Bxh2 78. Kg6 Bf4 79. Ra5 Kg4 80. Kxg7 Kf3 81. Kf6 Kg2 82.
Kf5 Bc7 83. Ra2+ Kf3 84. Ra3+ Kg2 85. Kg4 $1 {[%csl Rg2,Gg4] La finale reste
difficile а gagner mais le K noir est assez mal placé près du bord et les
Noirs ne peuvent plus jouer Bg3} Bd6 86. Ra2+ Kg1 {Les Blancs ont progressé en
contraignant le K noir а descendre en première rangée} 87. Kf3 $1 {[%csl Gf3,
Rg1]} Bc7 88. Rg2+ $1 {Limite davantage la mobilité du K noir qui ne peut
venir en f1} Kh1 89. Rg7 {Après avoir bloqué, le K noir а la bande, il faut
maintenant passer а la seconde phase du plan de gain en essayant de mettre le
B en zugzwang.} Bd6 90. Kf2 Bc5+ 91. Kg3 Bd6+ 92. Kh3 (92. Kf3) 92... Bc5 93.
Rc7 Bd4 94. Rc2 Ba7 95. Rh2+ Kg1 96. Ra2 Bc5 97. Rc2 Ba7 98. Rg2+ Kh1 (98...
Kf1 99. Kg3) 99. Ra2 {[%cal Ga2a1,Ga2a7]} Bc5 100. Ra1+ Bg1 101. Kg3 {[%mdl
4096]} 1/2-1/2